| 000 | 01683cam a22003854a 4500 | ||
|---|---|---|---|
| 001 | 14165233 | ||
| 005 | 20221031101105.0 | ||
| 008 | 051104s2006 nyua b 001 0 eng c | ||
| 010 | _a 2005032190 | ||
| 015 |
_aGBA633881 _2bnb |
||
| 016 | 7 |
_a013431698 _2Uk |
|
| 020 | _a0801444497 (cloth : alk. paper) | ||
| 020 | _a9780801473715 | ||
| 035 | _a(OCoLC)ocm62322221 | ||
| 040 |
_aNIC/DLC _cDLC _dYDX _dBAKER _dUKM _dCOO _dIXA _dPUL _dDLC |
||
| 042 | _apcc | ||
| 043 | _aa-ja--- | ||
| 050 | 0 | 0 |
_aHC462.95 _b.V64 2006 |
| 082 | 0 | 0 |
_a338.952 _bVOG |
| 100 | 1 |
_aVogel, Steven Kent. _9101775 |
|
| 245 | 1 | 0 |
_aJapan remodeled : _bhow government and industry are reforming Japanese capitalism / _cSteven K. Vogel. |
| 260 |
_aNew York : _bCornell University Press, _c2006. |
||
| 300 |
_a250 p. : _bill. ; _c23 cm. |
||
| 440 | 0 |
_aCornell studies in political economy _9101776 |
|
| 504 | _aIncludes bibliographical references (p. [225]-238) and index. | ||
| 505 | 0 | _aThe Japanese model and institutional change -- The crisis of Japanese capitalism -- Policy reform Japanese style -- The varieties of reform -- Corporate restructuring Japanese style -- The varieties of restructuring -- Japan's new model. | |
| 650 | 0 |
_aCapitalism _zJapan. _9101777 |
|
| 650 | 0 |
_aIndustrial policy _zJapan. _937313 |
|
| 650 | 0 |
_aCorporate reorganizations _zJapan. _9101778 |
|
| 651 | 0 |
_aJapan _xEconomic policy _y1989- _9101779 |
|
| 856 | 4 | 1 |
_3Table of contents only _uhttp://www.loc.gov/catdir/toc/ecip063/2005032190.html |
| 906 |
_a7 _bcbc _corignew _d1 _eecip _f20 _gy-gencatlg |
||
| 942 |
_2ddc _cBK |
||
| 999 |
_c592112 _d592112 |
||